Prc̀tico Impuesto de Sociedades

Bibliographic Details
Main Author: Carbajo Vasco, Domingo
Format: eBook
Language:Spanish
Published: Barcelona: Vlex, 2014
Subjects:
Online Access:Acceso restringido

MARC

LEADER 00000nam a22000007a 4500
005 20140819131311.0
007 cr|||| ||||
008 140819s2014 es |||||s|||| 00||0 spa d
035 |a 11847 
040 |a vLex 
090 |c 5122  |d 5122 
100 1 |a Carbajo Vasco, Domingo 
245 1 0 |a Prc̀tico Impuesto de Sociedades  |h [Recurso electrn̤ico] /  |c Domingo Carbajo Vasco 
256 |a Servicio en ln̕ea 
260 |a Barcelona:  |b Vlex,  |c 2014 
300 |a 1 recurso electrn̤ico 
500 |a Herramienta prc̀tica que proporciona al usuario toda la informacin̤ actualizada y necesaria sobre el Impuesto sobre Sociedades con comentarios, ejemplos prc̀ticos, resoluciones y un estudio detallado del rǧimen general del tributo. 
506 1 |a Disponible solo en los productos indicados  |d vLex Global  |d vLex Global (Academic Edition, excluding Law Schools)  |d vLex Global (U.S. Academic Edition, Law Schools)  |d vLex Global (U.S. Academic Edition, excluding Law Schools)  |d vLex Global (Academic Edition, Law Schools) 
650 0 4 |a Impuesto de sociedades  |z Espaą 
740 0 |a vLex Libros (Servicio en ln̕ea) 
856 4 0 |u http://app.vlex.com/#ES.impuesto_sociedades/browse  |z Acceso restringido 
942 |c BOOK 
999 0 |a Corporation Tax